000
00327 a2200109 4500
001
ART_54646
005
20260410162029.0
008
260409a
245
1
0
_a
Derecho del consumidor y acceso a la justicia
100
1
_a
Rossi, Jorge O.
773
0
_t
Temas de derecho procesal
_g
- N° 11 (nov. 2021)
_w
REV44095
999
_c
33824
_d
33824